| 000 | 00437nam a22001337a 4500 | ||
|---|---|---|---|
| 005 | 20140106123935.0 | ||
| 008 | 140106b xxu||||| |||| 00| 0 eng d | ||
| 050 |
_aBX2550. _bR62 1987 |
||
| 100 |
_aRobinson, Geoffrey _96516 |
||
| 245 |
_aMarriage divorce and nullity _ba guide to the annulment precess in the Catholic Church _cRobinson, Geoffrey |
||
| 260 |
_aOntario _bNovalis _c1987 |
||
| 300 |
_a104p.; _b 21cm. |
||
| 942 |
_2lcc _cMONOGRAPH |
||
| 999 |
_c119511 _d119511 |
||